000 00389 a2200157 4500
001 190862
020 _a978-85-08-12138-0
040 _cMagnum
240 1 0 _aJoão trapalhão; o soldadinho de chumbo
_lpor
245 1 0 _aJoão trapalhão; o soldadinho de chumbo
300 _a24
362 0 _a2009
440 1 _aÁtica
697 _aLITERATURA INFANTO-JUVENIL ESTRANGEIRA
942 _cBK
999 _c190862
_d190862